| 000 | 06014cam a22019454i 4500 | ||
|---|---|---|---|
| 003 | PE-LiUPU | ||
| 005 | 20250813165916.0 | ||
| 008 | 150706s2002 mx a rb 000 0 spa d | ||
| 020 | _a9701506375 | ||
| 035 | _a(Sirsi) i9789701506370 | ||
| 040 |
_aPE-LiUPU _bspa _cPE-LiUPU _erda |
||
| 049 | _aPRUA | ||
| 082 | 0 | 4 |
_a624.1821 _bM12 _221 |
| 082 | 0 | 4 |
_a624.1821 _bM12 2011 |
| 100 | 1 |
_aMcCormac, Jack C. , _eautor. |
|
| 245 | 1 | 0 |
_aDiseño de estructuras de acero : _bmétodo LRFD / _cJack C. McCormac ; traducción José de la Cera Alonso ; revisión técnica José Luis Esquivel Avila, Raúl Arrioja Juárez. |
| 250 | _aSegunda edición. | ||
| 264 | 1 |
_aMéxico, D.F. : _bAlfaomega Grupo Editor, _c2002. |
|
| 300 |
_axv, 704 páginas : _bilustraciones ; _c22 centímetros |
||
| 300 | _a01 CD-ROM | ||
| 336 |
_atext _2rdacontent |
||
| 337 |
_aunmediated _2rdamedia |
||
| 338 |
_avolume _2rdacarrier |
||
| 500 | _aTítulo original en inglés: Structural Steel Design: LRFD Method. | ||
| 504 | _aIncluye referencias bibliográficas al pie de página. | ||
| 505 | 0 | _aIntroducción al diseño estructural en acero -- Especificaciones, cargas y métodos de diseño -- Análisis de miembros a tensión -- Diseño de miembros a tensión -- Introducción a los miembros cargados axialmente a comprensión -- Diseño de miembros cargados axialmente a comprensión -- Diseño de miembros cargados axialmente a comprensión (continuación) -- Introducción al estudio de vigas -- Diseño de vigas por momentos -- Diseño de vigas: temas diversos -- Flexión y fuerza axial -- Conexiones atornilladas -- Conexiones atornilladas cargadas excéntricamente y notas históricas sobre los remaches -- Conexiones soldadas -- Conexiones en edificios -- Vigas compuestas -- Columnas compuestas -- Vigas armadas, secciones armadas de patín ancho y trabes armadas -- Diseño de edificios de acero. | |
| 526 | _aP203 | ||
| 526 | _aP200 | ||
| 526 | _aSEG65 | ||
| 526 | _aSEG64 | ||
| 526 | _aSEG63 | ||
| 526 | _aSEG62 | ||
| 526 | _aSEG61 | ||
| 526 | _aSEG60 | ||
| 526 | _aSEG59 | ||
| 526 | _aSEG58 | ||
| 526 | _aSEG57 | ||
| 526 | _aSEG56 | ||
| 526 | _aSEG55 | ||
| 526 | _aSEG54 | ||
| 526 | _aSEG53 | ||
| 526 | _aSEG52 | ||
| 526 | _aSEG51 | ||
| 526 | _aSEG50 | ||
| 526 | _aSEG49 | ||
| 526 | _aSEG48 | ||
| 526 | _aSEG47 | ||
| 526 | _aSEG46 | ||
| 526 | _aSEG24 | ||
| 526 | _aSEG23 | ||
| 526 | _aSEG22 | ||
| 526 | _aSEG21 | ||
| 526 | _aSEG20 | ||
| 526 | _aSEG19 | ||
| 526 | _aSEG18 | ||
| 526 | _aSEG17 | ||
| 526 | _aSEG16 | ||
| 526 | _aSEG14 | ||
| 526 | _aSEG13 | ||
| 526 | _aSEG12 | ||
| 526 | _aSEG11 | ||
| 526 | _aSEG10 | ||
| 526 | _aSEG09 | ||
| 526 | _aSEG06 | ||
| 526 | _aSEG05 | ||
| 526 | _aSEG04 | ||
| 526 | _aSEG03 | ||
| 526 | _aSEG02 | ||
| 526 | _aSEG68 | ||
| 526 | _aSEG66 | ||
| 526 | _aSEG45 | ||
| 526 | _aSEG25 | ||
| 526 | _aSEG01 | ||
| 526 | _aP163 | ||
| 526 | _aP162 | ||
| 526 | _aP161 | ||
| 526 | _aP160 | ||
| 526 | _aP159 | ||
| 526 | _aP158 | ||
| 526 | _aP157 | ||
| 526 | _aP156 | ||
| 526 | _aP155 | ||
| 526 | _aP154 | ||
| 526 | _aP153 | ||
| 526 | _aP152 | ||
| 526 | _aP151 | ||
| 526 | _aP150 | ||
| 526 | _aP149 | ||
| 526 | _aP142 | ||
| 526 | _aP141 | ||
| 526 | _aP140 | ||
| 526 | _aP139 | ||
| 526 | _aP138 | ||
| 526 | _aP137 | ||
| 526 | _aP132 | ||
| 526 | _aP131 | ||
| 526 | _aP130 | ||
| 526 | _aP126 | ||
| 526 | _aP125 | ||
| 526 | _aP124 | ||
| 526 | _aP123 | ||
| 526 | _aP115 | ||
| 526 | _aP122 | ||
| 526 | _aP121 | ||
| 526 | _aP116 | ||
| 526 | _a P114 | ||
| 526 | _aP112 | ||
| 526 | _aP111 | ||
| 526 | _aP104 | ||
| 526 | _aP103 | ||
| 526 | _aP102 | ||
| 526 | _aP101 | ||
| 526 | _aP100 | ||
| 526 | _aP96 | ||
| 526 | _aP95 | ||
| 526 | _aP93 | ||
| 526 | _aP92 | ||
| 526 | _aP91 | ||
| 526 | _aP88 | ||
| 526 | _aP83 | ||
| 526 | _aP82 | ||
| 526 | _aP79 | ||
| 526 | _aP78 | ||
| 526 | _aP75 | ||
| 526 | _aP74 | ||
| 526 | _aP71 | ||
| 526 | _aP69 | ||
| 526 | _a P51 | ||
| 526 | _aP49 | ||
| 526 | _aP48 | ||
| 526 | _aP47 | ||
| 526 | _aP33 | ||
| 526 | _aP31 | ||
| 526 | _a P30 | ||
| 526 | _aP29 | ||
| 526 | _aP27 | ||
| 526 | _aP26 | ||
| 526 | _aP25 | ||
| 526 | _aP24 | ||
| 526 | _a P22 | ||
| 526 | _aP10 | ||
| 526 | _aP09 | ||
| 526 | _a P08 | ||
| 526 | _aP06 | ||
| 526 | _aP05 | ||
| 526 | _aP04 | ||
| 526 | _aP01 | ||
| 541 | _g015-001533; | ||
| 650 | 0 | 4 | _aAcero de construcción. |
| 650 | 0 | 4 | _aConstrucciones metálicas. |
| 650 | 0 | 4 |
_aDiseño de estructuras de acero. _9145 |
| 910 |
_cng _d20120527 |
||
| 910 |
_btqv _cwelc _d20161006 |
||
| 942 |
_2ddc _cBOOK |
||
| 949 |
_a624.1821 M12 2002 _wDEWEY _c1 _i67276 _lCCODEBUL1 _mBUL _p35.00 _r0 _sY _tBOOK _u2015-7-6 _xINGENIERIA _PP25 _o.STAFF. Colección General |
||
| 949 |
_a624.1821 M12 2011 _wDEWEY _c1 _iFJ00435 _lCCODEBUJ1 _mBUJ _p23.51 _r0 _sY _tBOOK _u2016-06-03 _xINGENIERIA _PP25 _0COMPRA _o.STAFF. Colección General Juliaca |
||
| 949 |
_a624.1821 M12 2011 _wDEWEY _c2 _iFJ02542 _lCCODEBUJ1 _mBUJ _p23.51 _r0 _sY _tBOOK _u2016-10-06 _xINGENIERIA _PP25 _0COMPRA _o.STAFF. Colección General Juliaca |
||
| 994 |
_aC0 _bPEPRU |
||
| 596 | _a1 3 | ||
| 999 |
_a624.1821 M12 _wDEWEY _c54865 _i67276 _d54865 _e2019-10-9 _f2021-11-9 _g7 _lCCODEBUL1 _mBUL _n11 _p35.00 _q8 _r0 _sY _tBOOK _u2015-7-6 _xINGENIERIA _PP25 _0COMPRA _o.STAFF. Colección General |
||
| 999 |
_a624.1821 M12 2011 _wDEWEY _c1 _iFJ00435 _d2018-8-1 _e2018-7-23 _f2022-1-26 _g8 _lCCODEBUJ1 _mBUJ _n27 _p24.00 _q15 _r0 _sY _tBOOK _u2016-6-15 _xINGENIERIA _PP25 _0COMPRA _o.STAFF. Colección General Juliaca |
||
| 999 |
_a624.1821 M12 2011 _wDEWEY _c2 _iFJ02542 _d2018-6-25 _e2018-5-22 _f2022-1-26 _g4 _lCCODEBUJ1 _mBUJ _n10 _p24.00 _q4 _r0 _sY _tBOOK _u2016-10-6 _xINGENIERIA _PP25 _0COMPRA _o.STAFF. Colección General Juliaca |
||
| 980 |
_81 _gALBERTO SANCHEZ Responsable de Automatización |
||